Statistics for Northernmost countries of the world

Click here to take the quiz!

General Stats

  • This quiz has been taken 67 times
    (23 since last reset)
  • The average score is 14 of 15

Answer Stats

HintAnswer% Correct
.Canada
100%
.Denmark
100%
.Finland
100%
.Norway
100%
.Russia
100%
.Sweden
100%
.Ireland
95%
.United Kingdom
95%
.Estonia
90%
.Iceland
90%
.United States
90%
.Latvia
86%
.Lithuania
86%
.Belarus
67%
.Kazakhstan
67%

Score Distribution

Percentile by Number Answered

Percent of People with Each Score

Your Score History

You have not taken this quiz since the last reset